000 00397nam a2200169Ia 4500
001 31944
003 IN-NITTTR
005 20251114233426.0
008 251113s9999||||xx |||||||||||||| ||eng||
040 _beng
040 _cIN-NITTTR
041 _aeng
082 _a671.35 N73
100 _aDavim, J. Paulo
245 0 _aNontraditional machining processes /
_cDavim, J. Paulo
942 _2ddc
_cBK
999 _c34574
_d34574